|
|
|
|
| LEADER |
00000nab a2200000uu 4500 |
| 001 |
vtls011448373 |
| 003 |
SK-MaSNL |
| 005 |
20260303151343.0 |
| 008 |
230222|1976 xo |||||||||||||||||cze| |
| 015 |
|
|
|a SNBRB
|
| 035 |
|
|
|a (urnnbn)urn:nbn:sk:snk:ar-005epg
|
| 035 |
|
|
|a (uuid)151e7c86-d4d0-4319-ab22-baaf4676983c
|
| 035 |
|
|
|a urn:nbn:sk:snk-abcl18
|
| 040 |
|
|
|a SNKBUCL
|b slo
|c SNKBUCL
|e AACR2
|
| 041 |
0 |
|
|a cze
|
| 044 |
|
|
|a xo
|c SK
|
| 100 |
1 |
|
|a Neumann, Jan
|4 aut
|9 377800
|
| 245 |
1 |
0 |
|a Rozvoj jaderné energetiky ve smyslu závěrů XV. sjezdu KSČ a XXV. sjezdu KSSS
|c Jan Neumann
|
| 773 |
0 |
|
|t Technická práca : časopis Ústřední rady Čs. vědecko-technické společnosti
|g Roč. 28, č. 7 (1976), s. 26-29
|
| 958 |
|
|
|a OND
|
| 958 |
|
|
|a EUIPO
|
| 958 |
|
|
|a article16
|
| 999 |
|
|
|c 2017268
|d 2019198
|